00309nam a2200109Ia 4500008004100000020001800041082000800059100002600067245001200093260007500105300001900180250529s9999 xx 000 0 und d a9789991569123 aRAS aAminath Fazna Rasheed 0aFanaaru aMale'bDhivehibahaai Thaareekhah Khidhumaiykuraa Qaumee Marukazuc2016 a98 P. ; 21 cm.